The ghost downstairs /

A greedy clerk sells seven years off the end of his life but thinks he has tricked the buyer by selling from the first end not the last.

Bibliographic Details
Main Author: Garfield, Leon
Other Authors: Maitland, Antony, 1935-
Format: Book
Language:English
Published: [New York] : Pantheon Books, 1972.
Subjects:

MARC

Tag First Indicator Second Indicator Subfields
LEADER 00000pam a2200000 a 4500
001 in00000050944
005 20151007080048.0
008 711227s1972 nyua j 00011 engm
010 |a  75175954  
020 |a 0394824105 
020 |a 039492410X (lib. bdg.) 
035 |a (OCoLC)00219777 
035 |9 AAF4204AM 
040 |a DLC  |c DLC  |d m.c.  |d TXA  |d UtOrBLW 
049 |a [Curr Col] TXAM  |c [1362400] 
050 0 0 |a PZ7 G17943  |b Gh 
100 1 |a Garfield, Leon. 
245 1 4 |a The ghost downstairs /  |c Leon Garfield ; illustrated by Antony Maitland. 
264 1 |a [New York] :  |b Pantheon Books,  |c 1972. 
300 |a 107 pages :  |b illustrations ;  |c 24 cm. 
336 |a text  |b txt  |2 rdacontent 
337 |a unmediated  |b n  |2 rdamedia 
338 |a volume  |b nc  |2 rdacarrier 
520 |a A greedy clerk sells seven years off the end of his life but thinks he has tricked the buyer by selling from the first end not the last. 
650 1 |a Ghosts  |v Fiction. 
700 1 |a Maitland, Antony,  |d 1935- 
999 |a MARS 
999 f f |s 39dbe959-b0b3-3d5a-a279-1d2c683fe086  |i b7516a19-612c-30af-a837-fbb1d5acc9e2  |t 0 
952 f f |p ric  |a Texas A&M University  |b Rellis Campus  |c Joint Library Facility  |d Remote Storage  |t 0  |e PZ7 G17943 Gh  |h Library of Congress classification  |i unmediated -- volume  |m A14805946931 
998 f f |a PZ7 G17943 Gh  |t 0  |l Remote Storage